000
00190 a2200097 4500
001
42653
100
_a
Deere
245
_a
Nine lives
260
_a
London
_b
Hodder
_c
090
_c
26549
_d
26549
942
_a
NUST-CAE
_c
M
_c
18390
999
_c
277726
_d
277726